00505nam a2200181Ia 450000500170000000800410001702000060005808200160006410000140008024500410009426000250013530000130016065000200017365000120019394200060020595200970021199900150030820240808025304.0240331s9999 xx 000 0 und d a  bDUNa398.01 aDundes, A 0aEssays in folklore theory and method aMadrasbCre- Ac1990 a247 P ., aFolklore theory aCulture cL 001040708LaWERCLbWERCLcSSCd2024-03-31l0o 398.01 DUNp589r2024-03-31w2024-03-31yL c2959d2959